| 000 | 00636nam a2200181 a 4500 | ||
|---|---|---|---|
| 001 | 000015665 | ||
| 005 | 20200929164117.0 | ||
| 008 | 100217s1988 dr 001 0 spa d | ||
| 040 |
_aDO-SdBNP _bspa _cBNPHU |
||
| 082 |
_axxxx _bH557r |
||
| 100 | 1 |
_aHernández, Felipe _935317 |
|
| 245 | 1 | 3 |
_aLa reforma tributaria en la República Dominicana / _cFelipe Hernández. |
| 246 | 1 | 4 |
_aLa reforma tributaria en la República Dominicana : _bhacia un código triburario |
| 260 |
_aSanto Domingo : _bEditora Montalvo, _c1988. |
||
| 300 |
_a50 p. ; _c21 cm. |
||
| 500 | _aIncluye datos biográficos del autor en la contracubierta | ||
| 049 | _aBNPD | ||
| 999 |
_c15217 _d15217 |
||